000 00216 a2200097 4500
001 34247
100 _a
245 _aThe princess and the cobbler
260 _aIslamabad
_bDost Publication
_c
090 _c22658
_d22658
942 _aNUST-CAE
_cM
_c14067
999 _c269320
_d269320